000 00967nam a2200253Ia 4500
003 OSt
005 20220923215027.0
006 a|||||r|||| 00| 0
007 ta
008 220922b |||||||| |||| 00| 0 hin d
024 _a175,007
037 _cTextual
040 _aARTS
_cARTS
_bhin
041 _2hin
_ahin
082 _aO152:g, G6
100 _aसान्याल, नलिनी मोहन
245 0 _aसमालोचनातत्व, काव्य रहस्य, कला तत्व और रहस्यवाद रहस्य
246 _aSamālochanātatva, kāvya rahasya, kalā tatva aur rahasyavād rahasya
260 _aइलाहाबाद
_b रामनारायण लाल
_c1936
300 _a185पृ.
_ccm.
650 _aहिन्दी साहित्य
_9156264
942 _hO152:g, G6
_cTEXL
_2CC
999 _c328711
_d328711